Boris y el pez embrujado : (Registro nro. 10526)

Detalles MARC
000 -LEADER
fixed length control field 00779nam a22002657a 4500
001 - CONTROL NUMBER
control field 00576
003 - CONTROL NUMBER IDENTIFIER
control field DO-SdBNP
005 - DATE AND TIME OF LATEST TRANSACTION
control field 20180117143954.0
007 - PHYSICAL DESCRIPTION FIXED FIELD--GENERAL INFORMATION
fixed length control field 00576
008 - FIXED-LENGTH DATA ELEMENTS--GENERAL INFORMATION
fixed length control field 160623b sp 1988 ||||| |||| 00| 0 spa d
020 ## - INTERNATIONAL STANDARD BOOK NUMBER
International Standard Book Number 978843458505
040 ## - CATALOGING SOURCE
Original cataloging agency BPMSU
Language of cataloging spa
Transcribing agency BPMSU
092 ## - LOCALLY ASSIGNED DEWEY CALL NUMBER (OCLC)
Classification number xxxx
Item number xxxx
100 1# - MAIN ENTRY--PERSONAL NAME
Personal name Ruck-Pauquet, Gina
245 10 - TITLE STATEMENT
Title Boris y el pez embrujado :
Statement of responsibility, etc. Gina Ruck-Pauquét ; traducción Lola Romero ; ilustración Christine
260 ## - PUBLICATION, DISTRIBUTION, ETC. (IMPRINT)
Place of publication, distribution, etc. Barcelona :
Name of publisher, distributor, etc. Salvat,
Date of publication, distribution, etc. 1988.
300 ## - PHYSICAL DESCRIPTION
Extent 134 p. :
Other physical details il.,
Dimensions 22 cm.
490 1# - SERIES STATEMENT
Series statement Biblioteca juvenil
Volume/sequential designation 64
700 12 - ADDED ENTRY--PERSONAL NAME
Personal name Romero, Lola,
Relator term tr.
700 12 - ADDED ENTRY--PERSONAL NAME
Personal name Wilhelm, Christine,
Relator term il.
830 #0 - SERIES ADDED ENTRY--UNIFORM TITLE
Uniform title Biblioteca juvenil
Volume number/sequential designation 64
942 ## - ADDED ENTRY ELEMENTS (KOHA)
Source of classification or shelving scheme Dewey Decimal Classification
Koha item type Libros
945 ## - LOCAL PROCESSING INFORMATION (OCLC)
a Inventariado, 2018 LP
956 ## - LOCAL ELECTRONIC LOCATION AND ACCESS (OCLC)
Host name BTAVÁREZ
Access number 10
Compression information 20162306
Path 00576
Existencias
Withdrawn status Lost status Source of classification or shelving scheme Damaged status Not for loan Collection code Home library Current library Date acquired Source of acquisition Total Checkouts Barcode Date last seen Price effective from Koha item type
    Dewey Decimal Classification     Colección General Biblioteca Pública Metropolitana Salomé Ureña Biblioteca Pública Metropolitana Salomé Ureña 06/23/2016 FUNDI   BPMSU16060412 06/23/2016 06/23/2016 Libros